Municipalities of Montenegro - Statistics

General Stats
  • This quiz has been taken 92 times
  • The average score is 17 of 23
Answer Stats
Answer % Correct
Podgorica
100%
Bar
94%
Nikšic
94%
Budva
87%
Kotor
84%
Ulcinj
81%
Tivat
79%
Bijelo Polje
77%
Cetinje
77%
Herceg Novi
77%
Danilovgrad
76%
Berane
74%
Plav
69%
Žabljak
69%
Pljevlja
68%
Andrijevica
66%
Kolašin
66%
Mojkovac
65%
Plužine
65%
Gusinje
60%
Rožaje
60%
Šavnik
53%
Petnjica
48%
No matching quizzes found
Score Distribution
Percent of People with Each Score
Percentile by Number Answered
Your Score History
You have not taken this quiz